[Event "Challenge"]
[Site "http://www.queenalice.com/game.php?id=124137"]
[Date "2006.11.1"]
[Round "-"]
[White "maurojk"]
[Black "Scama"]
[Result "1-0"]
[WhiteElo "1406"]
[BlackElo "1418"]

1. e4 e5 2. Qh5 Nh6 3. Qxe5+ Qe7 4. Nf3 d6 5. Qxe7+ Bxe7 6. d4 Nc6 7. Bg5 f6 8.
Bxh6 gxh6 9. Bc4 Na5 10. Bb5+ c6 11. Ba4 b5 12. Bb3 Rg8 13. Nh4 Rg4 14. Nf5
Rxe4+ 15. Ne3 Rxd4 16. c3 Rd3 17. Nd2 c5 18. c4 f5 19. cxb5 Be6 20. Bxe6 Bf6 21.
O-O-O Rb8 22. a4 Ke7 23. Kc2 Kxe6 24. Kxd3 Bxb2 25. Ke2 f4 26. Ndc4 Nxc4 27.
Nxc4 Be5 28. Rb1 d5 29. Nxe5 Kxe5 30. a5 d4 31. b6 a6 32. b7 c4 33. Rb6 c3 34.
Rc1 h5 35. f3 Kd5 36. g4 Kc4 37. Rh6 d3+ 38. Kd1 d2 39. Rc2 hxg4 40. Rc6+ Kd3
41. R2xc3+ Kd4 42. Kxd2 Rxb7 43. Rxa6 Rb2+ 44. Rc2 Rb3 45. fxg4 f3 46. Ke1 Re3+
47. Kf2 Kd3 48. Rac6 Ke4 49. R6c4+ Kd3 50. a6 Re2+ 51. Rxe2 fxe2 52. Rc1 Kd2 53.
Re1 h6 54. Rxe2+ Kd3 55. a7 Kc3 56. a8=Q 1-0

[Event "Challenge"]
[Site "http://www.queenalice.com/game.php?id=124675"]
[Date "2006.11.2"]
[Round "-"]
[White "Topalove"]
[Black "Scama"]
[Result "1-0"]
[WhiteElo "1762"]
[BlackElo "1427"]

1. d4 e6 2. c4 Nf6 3. Nc3 Ng4 4. Nf3 d5 5. Bg5 f6 6. Bd2 f5 7. Bg5 Be7 8. Bxe7
Qxe7 9. e3 e5 10. Nxd5 Qd8 11. Be2 c6 12. Nc3 Qd6 13. h3 Nh6 14. Nxe5 O-O 15.
Qb3 Be6 16. Qxb7 f4 17. Qxa8 Qb4 18. O-O-O Qa5 19. Nxc6 Na6 20. Nxa5 Rxa8 21.
exf4 Rb8 22. g4 Nb4 23. f5 Bd7 24. a3 Nc6 25. Nxc6 Bxc6 26. Rhe1 a5 27. c5 a4
28. d5 Bd7 29. c6 Be8 30. Nxa4 Nf7 31. Nc5 Rc8 32. Ba6 Rd8 33. b4 Rd6 34. Rxe8#
1-0

[Event "Challenge"]
[Site "http://www.queenalice.com/game.php?id=126611"]
[Date "2006.11.8"]
[Round "-"]
[White "Scama"]
[Black "z3r0vulc4n"]
[Result "1-0"]
[WhiteElo "1300"]
[BlackElo "1475"]

1. d4 e6 2. Nc3 d5 3. Nf3 Nf6 4. e3 Bb4 5. Bd2 Bxc3 6. Bxc3 Ne4 7. Bd3 Nxc3 8.
bxc3 Nc6 9. Rb1 h6 10. h4 a6 11. Qc1 b5 12. Qa3 Bd7 13. Qc1 f6 14. g3 Nb8 15.
Bg6+ Kf8 16. Qa3+ Kg8 17. Qc1 f5 18. Ne5 Nc6 19. Nf7 h5 20. Nxd8 Rxd8 21. Qa3
Rh6 22. Qxa6 Rxg6 23. Qxb5 Na7 24. Qb7 Nb5 25. Rxb5 Bxb5 26. Qxb5 Rf6 27. Qb7
Rf7 28. a4 c6 29. Qxc6 Rb8 30. O-O g6 31. Ra1 Ra7 32. Qxe6+ Kg7 33. Qe5+ Kf7 34.
Qxb8 Re7 35. a5 Re6 36. a6 1-0

[Event "Challenge"]
[Site "http://www.queenalice.com/game.php?id=126804"]
[Date "2006.11.8"]
[Round "-"]
[White "Scama"]
[Black "LucioGorgone"]
[Result "1-0"]
[WhiteElo "1342"]
[BlackElo "1205"]

1. e4 Nf6 2. g3 e5 3. Bg2 Nc6 4. Nh3 Nxe4 5. Bxe4 d5 6. Bf3 f6 7. O-O Bxh3 8.
Bh5+ g6 9. Bf3 e4 10. Bg2 Bf5 11. c3 Bc5 12. d4 Bb6 13. a4 Ba5 14. b4 Bb6 15. a5
Nxa5 16. bxa5 Bxa5 17. Qa4+ c6 18. Ra3 b5 19. Qc2 a6 20. Qd2 1-0

[Event "Challenge"]
[Site "http://www.queenalice.com/game.php?id=126826"]
[Date "2006.11.8"]
[Round "-"]
[White "fabianocsk"]
[Black "Scama"]
[Result "1-0"]
[WhiteElo "911"]
[BlackElo "1342"]

1. e4 e5 2. Qg4 Nf6 3. Qe2 d6 4. Qb5+ c6 5. Qa4 b5 6. Qb3 Be6 7. Qh3 g6 8. Qf3
Bg7 9. Nc3 O-O 10. h4 a5 11. b3 b4 12. Na4 Bg4 13. Qg3 Qd7 14. Nb6 Qb7 15. Nxa8
Qxa8 16. a4 Na6 17. f3 Be6 18. h5 gxh5 19. Nh3 d5 20. Ng5 dxe4 21. fxe4 Bd5 22.
exd5 Nxd5 23. Rxh5 Qa7 24. Nxh7 Nf6 25. Nxf6# 1-0

[Event "Challenge"]
[Site "http://www.queenalice.com/game.php?id=129374"]
[Date "2006.11.14"]
[Round "-"]
[White "z3r0vulc4n"]
[Black "Scama"]
[Result "1-0"]
[WhiteElo "1548"]
[BlackElo "1366"]

1. e4 d5 2. exd5 Qxd5 3. Nc3 Qd8 4. h3 Nf6 5. Nf3 e5 6. Nxe5 Bd6 7. Nc4 Qd7 8.
f3 Qe7+ 9. Be2 O-O 10. d3 Be6 11. Ne4 Bb4+ 12. c3 Bc5 13. Nxc5 Qxc5 14. g4 b5
15. Be3 Qd5 16. Nd2 h5 17. g5 Nfd7 18. h4 Qe5 19. Nf1 Nc6 20. d4 Qd6 21. f4 Ne7
22. Bxh5 Nf5 23. Qd2 g6 24. Bg4 Qd5 25. Ng3 Nxg3 26. Rg1 Ne4 27. Qg2 f5 28. Bh3
c5 29. O-O-O b4 30. dxc5 Qxa2 31. c6 Ndc5 32. Bxc5 Nxc5 33. cxb4 Nb3+ 34. Kc2 a5
35. b5 Nc5 36. Qf2 Bb3+ 37. Kc1 Na4 38. Rd7 Nxb2 39. Qd4 Qa1+ 40. Kd2 Nc4+ 41.
Kd3 Nb2+ 42. Kd2 Nc4+ 43. Kd3 Qa2 44. Qg7# 1-0

[Event "Challenge"]
[Site "http://www.queenalice.com/game.php?id=129407"]
[Date "2006.11.14"]
[Round "-"]
[White "Scama"]
[Black "Evandrogon"]
[Result "0-1"]
[WhiteElo "1366"]
[BlackElo "1747"]

1. d4 d5 2. Nc3 h6 3. Nf3 Bf5 4. g3 Nc6 5. Bg2 Nb4 6. b3 Nxc2+ 7. Kf1 Nxa1 8.
Qd2 c6 9. Qf4 e6 10. Qd2 Bd6 11. Bb2 Nc2 12. g4 Bg6 13. e3 Nf6 14. Ke2 Qb6 15.
Rc1 Nb4 16. a3 Qa6+ 17. Ke1 Nd3+ 18. Kd1 Nxc1 19. Kxc1 Bxa3 20. Nb1 Bxb2+ 21.
Kxb2 Bxb1 22. Kxb1 Ne4 23. Qb4 Nxf2 24. g5 Nd3 25. Qc3 hxg5 26. Bf1 g4 27. Bxd3
Qa3 28. Ne5 Rxh2 29. Qa1 Rh1+ 30. Kc2 Qxa1 31. Kd2 Qe1+ 32. Kc2 Rh2+ 33. Be2
Rxe2+ 34. Kd3 Qd2# 0-1

[Event "Challenge"]
[Site "http://www.queenalice.com/game.php?id=133140"]
[Date "2006.11.24"]
[Round "-"]
[White "Scama"]
[Black "maurojk"]
[Result "0-1"]
[WhiteElo "1351"]
[BlackElo "1418"]

1. e4 e5 2. Qh5 Qf6 3. Bc4 Nh6 4. d3 Bb4+ 5. c3 Bc5 6. f3 d6 7. Nh3 Bxh3 8. gxh3
Nd7 9. Bg5 Qg6 10. Qh4 O-O 11. Rg1 Bxg1 12. Na3 Bxh2 13. O-O-O Bf4+ 14. Bxf4
exf4 15. Qxf4 Rae8 16. Nc2 c6 17. Rh1 d5 18. exd5 cxd5 19. Bxd5 Qxd3 20. Qg5 Re2
21. Ne1 Qd2+ 22. Qxd2 Rxd2 23. Kxd2 Ne5 24. f4 Ng6 25. Rf1 Rd8 26. c4 b5 27. f5
Ne5 28. Ke3 bxc4 29. Ke4 Nd3 30. Bxc4 Nc5+ 31. Kf3 Nxf5 32. b4 Nd7 33. Kg4 Ne3+
34. Kf4 Nxc4 35. Nf3 a6 36. Rc1 Ncb6 37. a4 Nxa4 38. Ra1 Nab6 39. Rxa6 Nd5+ 40.
Kg4 Nxb4 41. Ra4 Rb8 42. Ra7 Nf6+ 43. Kf5 Nc6 44. Ra4 Rb4 45. Ra8+ Nb8 46. Ng5
h6 47. Nf3 Rb5+ 48. Kf4 g5+ 49. Ke3 Nd5+ 50. Ke4 Nc7 51. Ra7 Rb4+ 52. Ke3 Nd5+
53. Kf2 Nc6 54. Ra8+ Kg7 55. h4 g4 56. Rc8 Nd4 57. Ne5 Rb2+ 58. Kg3 Nf6 59. Kf4
Ne2+ 60. Kf5 g3 61. Nf3 g2 62. Rc6 g1=Q 63. Nxg1 Nxg1 64. Rxf6 Rb5+ 0-1

[Event "Challenge"]
[Site "http://www.queenalice.com/game.php?id=134358"]
[Date "2006.11.28"]
[Round "-"]
[White "Scama"]
[Black "fabianocsk"]
[Result "1-0"]
[WhiteElo "1351"]
[BlackElo "957"]

1. e4 e5 2. Nc3 Bb4 3. d4 h5 4. Bd2 Qh4 5. Nf3 Qg4 6. Nxe5 Qh4 7. Nf3 Qf6 8. Bg5
Qc6 9. Bb5 Qb6 10. Ne5 f6 11. Nc4 Qe6 12. d5 Qe7 13. Bh4 a6 14. Ba4 b5 15. a3
bxc4 16. axb4 Qxb4 17. Qf3 Qxb2 18. Rb1 Qa3 19. O-O g5 20. Bg3 g4 21. Qf5 Qxc3
22. Qg6+ Ke7 23. Qg7+ Ke8 24. Qxh8 Ke7 25. Qxg8 f5 26. Qg5+ Ke8 27. Bh4 Qa3 28.
Qg8+ Qf8 29. Qg5 Qd6 30. exf5 c6 31. Rbe1+ Kf8 32. Re7 Qxd5 33. Qg7# 1-0

[Event "Challenge"]
[Site "http://www.queenalice.com/game.php?id=156310"]
[Date "2007.1.19"]
[Round "-"]
[White "claudiocaire"]
[Black "Scama"]
[Result "1-0"]
[WhiteElo "1503"]
[BlackElo "1330"]

1. e4 e5 2. Qf3 f6 3. Bc4 Nh6 4. Nh3 c6 5. d3 Qa5+ 6. Bd2 Qd8 7. Ng5 b5 8. Nf7
Qe7 9. Nxh8 g5 10. Bb3 a5 11. O-O a4 12. Bd5 cxd5 13. exd5 Qg7 14. d6 Ra7 15.
Qe3 Ra6 16. Qc5 Rc6 17. Qa7 Na6 18. Qa8 Rxd6 19. Qxc8+ Ke7 20. Nc3 Qxh8 21. Nxb5
Rb6 22. Nc3 Nb4 23. Nxa4 Rc6 24. Qb7 Nxc2 25. Rac1 Nd4 26. Rc2 Nxc2 27. Rc1 Nd4
28. Be3 Ne2+ 29. Kf1 Nxc1 30. Nb6 Kf7 31. Qxd7+ Kg6 32. Qxc6 Nxa2 33. g3 Qg8 34.
h3 Qb3 35. Bxg5 Kxg5 36. Nd5 Qd1+ 37. Kg2 Bg7 38. b4 Nc1 39. b5 Nf5 40. b6 Ne2
41. f4+ Kg6 42. Ne7+ Kh5 43. g4+ Kh4 44. Nxf5# 1-0

[Event "Challenge"]
[Site "http://www.queenalice.com/game.php?id=172877"]
[Date "2007.2.23"]
[Round "-"]
[White "Scama"]
[Black "SuperMouse"]
[Result "0-1"]
[WhiteElo "1363"]
[BlackElo "1692"]

1. e4 e5 2. Qh5 d6 3. Bc4 g6 4. Qf3 Qe7 5. Nc3 Nc6 6. Nd5 Qd7 7. Nf6+ Nxf6 8.
Qxf6 Rg8 9. Nf3 Be7 10. Qxf7+ Kd8 11. Qxg8+ Qe8 12. Qxh7 g5 13. Bf7 Qf8 14. d3
g4 15. Ng5 Nd4 16. c3 Nc2+ 17. Kd1 Nxa1 18. Qg6 b5 19. Nh7 Qh8 20. Bh6 Bf6 21.
Nxf6 Ke7 22. Kd2 Qxf6 23. Qh7 Qxf7 24. Bg5+ Ke8 25. Qh8+ Kd7 26. Qd8+ Kc6 27.
Be3 Qxa2 28. Ke2 Qxb2+ 29. Bd2 Nb3 30. Rd1 g3 31. hxg3 Bg4+ 32. f3 Rxd8 33. fxg4
Rg8 34. Kf3 Nxd2+ 35. Ke3 Nb3 36. g5 Rxg5 37. d4 Rxg3# 0-1